Normal view
MARC view
- INDIAN MUSLIMS,1886-1947
Entry Topical Term
001 - CONTROL NUMBER
- control field: 61551
003 - CONTROL NUMBER IDENTIFIER
- control field: NUST
005 - DATE AND TIME OF LATEST TRANSACTION
- control field: 20210628202755.0
008 - FIXED-LENGTH DATA ELEMENTS
- fixed length control field: 210628|| aca||aabn | a|a d
040 ## - CATALOGING SOURCE
- Original cataloging agency: NUST
- Transcribing agency: NUST
150 ## - HEADING--TOPICAL TERM
- Topical term or geographic name entry element: INDIAN MUSLIMS,1886-1947
670 ## - SOURCE DATA FOUND
- Source citation: Work cat.: (NUST): Abdul Rashid Khan 61550, The all india muslim educational conference, its contribution to the cultural development of indian muslims 1886-1947, 2001
